00462nam a2200157 a 45000010005000000030009000050080041000140400028000550820015000831000030000982450073001282600049002013000010002504900017002606500027002775196CO-ViMGA141112s2004 ck r 000 u spa d aCO-ViMGAbspacCO-ViMGA04a574.5 R4671 aRios Duque, Jose Gildardo10aEcología y desarrollo humano : bun enfoque pedagógico ambiental aSantafé de Bogotá : bMagisterio, c1996 a107 p aAula abierta14aECOLOGIA - ENSEÑANZA